The Soviet threat in Southeast Asia : ilusion or reality?

Bibliographic Details
Main Author: Horn, Robert C. (Author)
Format: Book
Published: Kuala Lumpur : Institute of Strategic and International Studies , 1985
Subjects:

MARC

LEADER 00000cam a2200000 7i4500
001 0000004129
005 20071204093000.0
008 021118s1985
020 |a 9679997480 
090 0 0 |a DK68   |b .H6 
100 0 |a Horn, Robert C. ,   |e author 
245 1 4 |a The Soviet threat in Southeast Asia :   |b ilusion or reality?   |c Robert C. Horn 
260 2 |a Kuala Lumpur :   |b Institute of Strategic and International Studies ,   |c 1985 
300 |a 16 p. ;   |c 21 cm. 
651 0 |a Russia   |x Foreign relations   |z Southeast Asia 
999 |a 1000008283   |b Book   |c OPEN SHELF (30 DAYS)   |e Gong Badak Campus